La Havane - Choix multiples - Statistiques

Statistiques générales
  • Ce quiz a été pris 15 fois
  • Le résultat moyen est 7 sur 10
Statistiques - réponses
Question Réponse % Correct
Quelle est la particularité des voitures américaines que l’on voit à La Havane ? Elles datent principalement des années 1950 et sont encore en circulation
100%
Quel révolutionnaire ayant dirigé la république de Cuba, pendant 49 ans en tant que Premier ministre et président est décédé à la Havane ? Fidel Castro
100%
Quel Golfe borde La Havane ? Golfe du Mexique
93%
Dans lequel de ces jeux vidéos, une partie de l'histoire se passe à La Havane ? Assasin's Creed Black Flag
79%
La Havane possède le troisième plus grand stade de ____ au monde. Baseball
79%
Sur laquelle de ces images est située La Havane ?
64%
Quel artiste a interprété la Chanson "Havana" avec Young Thug en 2017 ? Camila Cabello
50%
Quelle boisson emblématique est souvent associée à La Havane ? Mojito
43%
Quel roi a donné le statut de ville à La Havane en 1592 ? Philippe II d'Espagne
43%
Quel cuirassé a explosé dans le port de La Havane en 1898, entraînant la guerre hispano-américaine et l'indépendance de Cuba ? USS Maine
36%
Aucun quiz correspondant
Distribution des résultats
% des personnes avec chaque résultat
Percentile par nombre de réponses
Votre historique - résultats
Vous n’avez pas pris ce quiz